[Event "RUS-chT Premier 2019"]
[Site "Sochi"]
[Date "2019.05.09"]
[Round "8.9"]
[White "Esipenko, Andrey"]
[Black "Sarana, Alexey"]
[Result "1/2-1/2"]
[WhiteElo "2620"]
[BlackElo "2636"]
[Annotator "TA"]
[PlyCount "115"]
[EventDate "2019.05.01"]
[EventType "team-tourn"]
[EventCountry "RUS"]
[SourceTitle "playchess.com"]
[Source "ChessBase"]
[SourceQuality "1"]

{[%evp 15,115,29,64,58,62,67,61,51,88,51,56,36,41,45,46,22,15,20,18,-10,-8,-10,-10,-13,-13,-13,-13,-13,0,-13,0,-10,-2,-22,-2,-25,-10,-78,-78,-78,-78,-78,-78,-78,-78,-78,-78,-122,-78,-78,-78,-78,0,0,0,0,5,5,6,0,0,0,0,0,0,0,0,0,0,0,0,0,6,4,86,94,85,87,109,77,60,13,14,14,25,6,15,0,0,0,0,0,0,0,0,0,0,0,0,0,0,0]} 1. d4 Nf6 2. c4 e6 3. Nf3 b6 4. a3 Bb7 5. Nc3 Be7 6. d5 O-O 7. e4 d6 8. Be2 Nbd7 9. Nd4 {E12: Queen's Indian: Unusual White 4th moves, 4 a3, 4 Nc3 Bb7 5 a3 and 4 Nc3 Bb7} (9. O-O a5 10. Be3 Ng4 11. Bd2 Bf6 12. Ne1 Nge5 13. Rc1 Ng6 14. b4 axb4 15. axb4 c5 16. dxc6 Bxc6 {0-1 (57) Smeets,J (2643)-Bartel,M (2619) Biel 2013}) 9... Nc5 10. Qc2 a5 11. O-O {White is slightly better.} Nfd7 12. Be3 a4 13. f3 $146 ({Predecessor:} 13. Rad1 Re8 14. Ndb5 Bf6 15. f4 Bxc3 16. Nxc3 exd5 17. cxd5 {1-0 (83) Foulds,E (2319)-Presnyakov,V (2276) ICCF email 2014}) 13... e5 14. Ndb5 Nb3 15. Rad1 Ndc5 16. Bd3 Bc8 17. Qe2 f5 18. exf5 Nxd3 19. Qxd3 Bxf5 20. Ne4 Qd7 21. Nbc3 Nc5 22. Qe2 h6 23. h3 Bh4 24. Qc2 (24. Bxc5 $5 bxc5 25. Qc2 $11) 24... Kh8 25. Kh2 Qe8 26. g4 (26. Nb5 $11 {keeps the balance.} Qd7 27. Bxc5 bxc5 28. Rd2) 26... Bg6 $17 27. Qe2 Qe7 28. Kg2 Rf7 29. Qc2 Qd7 30. Qe2 Raf8 31. Bd2 Nb3 {[#] Threatens to win with ...Nd4.} 32. Be3 Qe7 33. Bg1 Nd4 (33... Kg8 $17) 34. Bxd4 $11 exd4 35. Rxd4 Qe5 36. Rd3 Re7 37. Re3 Bg5 38. Rd3 Qf4 39. Qe1 Bf6 {[#] Hoping for ...Be5.} 40. Ne2 Qe5 41. N2c3 Qf4 {aiming for ...Be5.} 42. Ne2 $36 {[%mdl 2048] White has some pressure.} Qe5 43. N2c3 Ree8 44. Rd2 Bg5 (44... Bxe4 $11 45. Nxe4 Qf4) 45. Re2 $16 Qd4 46. Nxg5 hxg5 47. Rxe8 ({But not} 47. Nxa4 $2 Qxc4 48. Nc3 Rxe2+ 49. Nxe2 Re8 $19) 47... Rxe8 48. Qc1 Re3 49. Re1 Rxe1 50. Qxe1 Qxc4 {The position is equal.} 51. Qd2 Qb3 52. Kg3 Bc2 53. Qxg5 Qxb2 54. Qh5+ Kg8 55. Qe8+ Kh7 56. Qh5+ Kg8 57. Qe8+ Kh7 {White should prevent ...Bg6.} 58. Qh5+ {Accuracy: White = 53%, Black = 58%.} 1/2-1/2

[Event "RUS-chT Premier 2019"]
[Site "Sochi"]
[Date "2019.05.09"]
[Round "8.10"]
[White "Oparin, Grigoriy"]
[Black "Yuffa, Daniil"]
[Result "1-0"]
[WhiteElo "2624"]
[BlackElo "2595"]
[Annotator "TA"]
[PlyCount "113"]
[EventDate "2019.05.01"]
[EventType "team-tourn"]
[EventCountry "RUS"]
[SourceTitle "playchess.com"]
[Source "ChessBase"]
[SourceQuality "1"]

{[%evp 19,113,16,25,0,21,21,21,21,21,22,22,22,20,23,46,54,33,28,23,25,25,27,22,2,6,5,6,6,8,6,14,0,10,8,20,6,14,12,41,39,37,32,38,39,39,39,54,54,54,48,53,54,58,59,56,30,32,31,32,16,59,59,59,59,59,59,89,89,89,95,85,91,298,282,384,380,859,824,1216,1322,1356,1414,1393,1320,1302,1222,781,797,1948,1843,1906,1950,29965,29968,29964,4582]} 1. g3 g6 2. Bg2 Bg7 3. d4 Nf6 4. e4 d6 5. Nc3 O-O 6. Nge2 e5 7. O-O c6 8. a4 a5 9. h3 Na6 10. Be3 Nb4 11. Re1 {B07: Pirc Defence: Miscellaneous Systems} (11. g4 h5 12. g5 Nd7 13. h4 d5 14. exd5 cxd5 15. f4 exf4 16. Nxf4 Nb6 17. Nce2 Re8 18. Bf2 Bf5 {1-0 (38) Vitiugov,N (2703)-Wang,H (2739) St Petersburg 2012}) 11... d5 $146 ({Predecessor:} 11... Be6 12. Qd2 Bc4 13. Rad1 Qc7 14. g4 Rad8 15. d5 h5 16. gxh5 Nxh5 17. Bf3 Nf6 {0-1 (37) Wandzik,W (2417)-Chojnacki,K (2352) Pokrzywna 2018}) 12. dxe5 Nxe4 13. Nxe4 {The position is equal.} dxe4 14. Bxe4 Bxe5 15. c3 Nd5 16. Bxd5 cxd5 17. Nf4 Re8 18. Qf3 Bxf4 19. Qxf4 Bxh3 20. Bd4 {[#] Threatens to win with Qh6.} Bf5 $1 21. Qh6 {[%csl Gd4][%cal Rh6g7]} f6 22. Rxe8+ Qxe8 23. Bxf6 {[%csl Gf6][%cal Rh6g7]} Qf8 $132 {[%mdl 2048] Black puts up resistance} 24. Qxf8+ Kxf8 $11 {[%mdl 4096] Endgame KRB-KRB} 25. f3 Bc2 26. Kf2 Re8 27. Bd4 Bd3 28. Be3 Rc8 29. g4 Rc6 30. Bd4 Re6 31. b4 Re2+ 32. Kg3 axb4 33. cxb4 Kf7 34. Rc1 Rc2 35. Rd1 Be2 36. Rh1 Kg8 $1 37. Re1 Rd2 38. Be3 Ra2 39. a5 Kf7 40. Rh1 Kg8 $1 41. Rc1 Bc4 42. Kf4 Kf7 43. Rh1 Kg8 44. Ke5 Ra3 45. Re1 Kf7 $2 {[#]} (45... h5 $16) 46. Kd6 $1 $18 h5 47. Bd4 Rxf3 $2 (47... Rd3 48. Re7+ {[%mdl 64] Double Attack} Kf8 49. Bg7+ Kg8 50. Rxb7 d4) 48. Re7+ Kg8 49. gxh5 gxh5 50. Rg7+ Kf8 51. Rxb7 Rd3 52. Kc5 h4 53. b5 h3 54. Be5 Ra3 55. a6 {[%cal Ba5a6,Ba6a7][%mdl 32]} Ra5 56. a7 Bxb5 57. Kb4 {Accuracy: White = 75%, Black = 41%.} ({Inferior is} 57. Rxb5 Rxa7 58. Rb8+ (58. Kxd5 Ke8 $14) 58... Kf7 $11) (57. Kb6 $142 Rxa7 58. Rxa7 Be2 59. Kc5 d4 60. Kxd4 Bh5 61. Kd5 Bg4 62. Rh7) 1-0

[Event "RUS-chT Premier 2019"]
[Site "Sochi"]
[Date "2019.05.09"]
[Round "8.11"]
[White "Lomasov, Semyon"]
[Black "Predke, Alexandr"]
[Result "1/2-1/2"]
[WhiteElo "2541"]
[BlackElo "2626"]
[Annotator "TA"]
[PlyCount "57"]
[EventDate "2019.05.01"]
[EventType "team-tourn"]
[EventCountry "RUS"]
[SourceTitle "playchess.com"]
[Source "ChessBase"]
[SourceQuality "1"]

{[%evp 20,57,52,60,73,56,116,119,100,119,169,150,235,220,244,175,173,179,171,91,89,91,54,0,0,0,0,0,0,0,0,0,0,0,0,0,0,0,0,0]} 1. e4 e5 2. Nf3 Nc6 3. d4 exd4 4. Nxd4 Nf6 5. Nxc6 bxc6 6. e5 Qe7 7. Qe2 Nd5 8. c4 Ba6 9. b3 g6 10. f4 Bg7 11. Qf2 Nf6 {...Ng4 is the strong threat. C45: Scotch Game} 12. Ba3 Qe6 (12... Ne4 $14 13. Qe3 (13. Bxe7 Nxf2 14. Kxf2 Kxe7 $11) 13... Nd6) (12... d6 13. Nc3 O-O 14. O-O-O Ne8 15. g3 Bb7 16. Bg2 f6 17. exd6 Nxd6 18. c5 Nf5 19. Rhe1 Qf7 20. Bf1 Rfd8 21. Rxd8+ Rxd8 22. Bc4 Rd5 23. Qe2 {1-0 (23) Nepomniachtchi,I (2740)-Tomashevsky,E (2731) Moscow 2016}) 13. Nc3 Ng4 {White is better.} 14. Qf3 O-O-O {[#]} 15. O-O-O $146 ({Predecessor:} 15. Be2 f5 16. O-O-O Rhe8 17. h3 Nh6 18. Rhe1 Bb7 19. c5 {1-0 (32) Juhasz,J (1956)-Nagy,L (1798) Hungary 2018}) 15... d6 (15... Bb7 $16) 16. h3 (16. Qxc6 $2 Bb7 $19) 16... h5 17. c5 ({Not} 17. hxg4 $2 hxg4 18. Qxc6 Bb7 $19) 17... Bxf1 18. hxg4 ({Don't take} 18. Rdxf1 $6 dxe5 19. hxg4 hxg4 $14) 18... dxe5 {Threatens to win with ...e4.} 19. Qxf1 ({Resist} 19. Rhxf1 $6 hxg4 20. Rxd8+ Rxd8 $16) (19. Rxd8+ $18 Rxd8 20. Rxf1 hxg4 21. f5) 19... exf4 $16 {Hoping for ...Qe3+.} 20. Re1 Qxg4 21. Qa6+ (21. Bb2 $14) 21... Kb8 $11 {The position is equal.} 22. Nb5 cxb5 23. Qxb5+ Ka8 24. Qc6+ {[%mdl 64] [#] Double Attack} Kb8 25. Re4 {Black must now prevent Rb4+.} Bd4 $1 26. Qb5+ Ka8 $1 27. Qc6+ Kb8 28. Qb5+ Ka8 $1 29. Qc6+ {Accuracy: White = 54%, Black = 51%.} 1/2-1/2

[Event "RUS-chT Premier 2019"]
[Site "Sochi"]
[Date "2019.05.09"]
[Round "8.12"]
[White "Khismatullin, Denis"]
[Black "Kryakvin, Dmitry"]
[Result "1/2-1/2"]
[WhiteElo "2619"]
[BlackElo "2588"]
[Annotator "TA"]
[PlyCount "116"]
[EventDate "2019.05.01"]
[EventType "team-tourn"]
[EventCountry "RUS"]
[SourceTitle "playchess.com"]
[Source "ChessBase"]
[SourceQuality "1"]

{[%evp 11,116,6,19,-13,22,32,24,20,43,44,53,0,0,0,-3,-9,0,0,14,16,14,-20,17,18,17,8,26,15,24,10,23,16,16,16,21,10,6,4,5,1,6,0,8,5,10,0,0,0,0,0,10,0,0,-8,0,-9,0,0,0,-2,0,0,7,3,12,4,8,15,8,0,20,0,0,0,0,0,0,0,0,0,0,0,0,0,0,0,0,0,0,0,0,0,0,0,0,0,0,0,0,0,0,0,0,0,0,0,607]} 1. c4 e5 2. Nc3 Bb4 3. Qc2 Nf6 4. Nf3 Nc6 5. e3 Bxc3 6. Qxc3 Qe7 7. b3 {A28: English Opening: Four Knights Variation} d5 8. d4 {[%cal Rf3e5]} exd4 9. Nxd4 {White has an edge.} Nxd4 10. Qxd4 c5 11. Qb2 $146 (11. Qf4 $14) ({Predecessor:} 11. Qf4 O-O 12. Bb2 d4 13. O-O-O dxe3 14. Re1 Qe4 15. Qxe3 {½-½ (40) Svidler,P (2753)-Navara,D (2741) Biel 2018}) 11... O-O $11 12. Be2 dxc4 13. bxc4 b6 14. O-O Bb7 15. a4 {[%cal Ba2a4,Ba4a5][%mdl 32]} Nd7 16. Qc3 Rfd8 17. a5 f6 18. Bb2 Qf7 19. f3 Ne5 20. Rfd1 Qc7 21. axb6 axb6 {The position is equal.} 22. Rxa8 Bxa8 23. Rb1 Bc6 24. Qc2 Be8 25. Bc3 Bf7 26. Qb3 Rb8 27. Qa4 h6 28. Be1 Rd8 29. Qb3 Qe7 30. e4 Rd6 31. Qc3 Qd8 32. Bg3 Rd4 33. Bf2 Rd7 34. Be3 Nd3 35. h3 g5 36. Qb3 Rd6 37. Ra1 Ne5 38. Qc3 Kg7 39. f4 Nc6 40. Kh1 Nd4 41. Bf1 Qe7 42. Re1 Bg6 43. Bd3 Bxe4 44. fxg5 hxg5 45. Bxg5 fxg5 46. Rxe4 Re6 47. Rxe6 Qxe6 48. Qa1 Kf6 49. Qf1+ Ke7 50. Qa1 Kd6 51. Qa7 Qe1+ 52. Kh2 Qe5+ 53. Kh1 Qe1+ 54. Kh2 Nf3+ 55. gxf3 Qf2+ {[%mdl 64] [#] Double Attack} 56. Kh1 {Black must now prevent Qb8+.} Qxf3+ {[%mdl 64] Double Attack} 57. Kh2 Qf2+ 58. Kh1 {Qh7 is the strong threat.} Ke5 $2 {[%mdl 40960] Accuracy: White = 47%, Black = 52%. . An unexpected result.} (58... Qe1+ $11 59. Kh2 Qf2+ 60. Kh1 Qe1+ 61. Kh2 Qf2+) 1/2-1/2

[Event "RUS-chT Premier 2019"]
[Site "Sochi"]
[Date "2019.05.09"]
[Round "8.13"]
[White "Duzhakov, Ilya"]
[Black "Sjugirov, Sanan"]
[Result "1-0"]
[WhiteElo "2388"]
[BlackElo "2661"]
[Annotator "TA"]
[PlyCount "85"]
[EventDate "2019.05.01"]
[EventType "team-tourn"]
[EventCountry "RUS"]
[SourceTitle "playchess.com"]
[Source "ChessBase"]
[SourceQuality "1"]

{[%evp 10,85,20,-7,29,6,27,0,0,0,7,0,0,0,33,4,24,16,28,37,39,17,32,32,38,16,41,22,35,27,32,18,43,-20,65,57,71,0,79,-6,0,0,45,45,45,45,75,70,118,111,125,95,97,77,187,120,135,116,111,80,208,129,136,139,347,348,341,345,397,395,418,418,564,562,541,429,972,970]} 1. d4 f5 2. c4 Nf6 3. Nc3 e6 4. e3 b6 5. Bd3 Bb7 6. f3 g6 {A85: Dutch Defence: 2 c4 Nf6 3 Nc3} (6... c5 7. Nge2 Nc6 8. O-O Bd6 9. d5 Ne5 10. e4 fxe4 11. Nxe4 Nxe4 12. Bxe4 Qc7 13. Nc3 Nxc4 14. f4 O-O-O {1-0 (48) Laznicka,V (2679)-Vallejo Pons,F (2698) Dubai 2014}) 7. Nge2 Bg7 8. Qb3 $146 ({Predecessor:} 8. O-O O-O 9. e4 fxe4 10. fxe4 e5 11. d5 Qe7 12. h3 c5 13. Bg5 h6 14. Bh4 {1-0 (45) Avrukh,B (2576)-Vaisser,A (2544) Jerusalem 2013}) 8... O-O {The position is equal.} 9. O-O Nc6 {[%cal Bb8c6,Bc6d8,Bd8f7][%mdl 32]} 10. Bd2 Qe7 11. Rad1 Kh8 12. a3 d6 13. Qc2 e5 14. d5 Nd8 15. b4 Nf7 16. Ng3 Rae8 17. Qb1 c6 {[%cal Rc6d5]} 18. dxc6 Bxc6 19. e4 f4 20. Nh1 g5 21. g4 (21. Nf2 $14) 21... fxg3 (21... h5 $11) 22. Nxg3 $14 Bd7 23. Nd5 (23. Be2 $16) 23... Qd8 (23... Nxd5 $11 {remains equal.} 24. exd5 g4) 24. Rf2 (24. Ne3 $16) 24... Nxd5 25. cxd5 Bf6 26. Kh1 Rg8 27. Rg1 Rg6 28. Qf1 Rh6 29. Bb5 Bh3 30. Qc1 Rg8 31. Be3 Be7 (31... Rhg6 $16 {might work better.}) 32. Qc3 (32. Rc2 $18) 32... Rf6 $16 33. a4 {[%cal Ba3a4,Ba4a5][%mdl 32]} Qb8 34. Ba6 Bd7 (34... Nh6 $16) 35. a5 Bd8 36. Rc1 Rf8 $2 {[#]} (36... Bh3 $16 {was worth a try.} 37. Rcc2 Rfg6) 37. Bc8 $1 $18 {[%cal Rc8d7]} Bb5 38. Be6 bxa5 39. bxa5 a6 40. Nf5 Rg6 41. Qc8 {White is clearly winning.} Qxc8 42. Rxc8 Kg8 (42... Rgg8 $142 43. Ra8 h6 44. Bxf7 Rxf7 45. Nxh6 Rff8 46. Nxg8 Rxg8) 43. Bb6 {Accuracy: White = 49%, Black = 23%.} 1-0

[Event "RUS-chT Premier 2019"]
[Site "Sochi"]
[Date "2019.05.09"]
[Round "8.14"]
[White "Alekseev, Evgeny"]
[Black "Vlasenko, Miroslav"]
[Result "1-0"]
[WhiteElo "2647"]
[BlackElo "2424"]
[Annotator "TA"]
[PlyCount "99"]
[EventDate "2019.05.01"]
[EventType "team-tourn"]
[EventCountry "RUS"]
[SourceTitle "playchess.com"]
[Source "ChessBase"]
[SourceQuality "1"]

{[%evp 9,99,67,68,68,70,56,57,70,65,38,70,78,108,79,79,82,82,70,71,68,84,84,86,88,108,118,118,122,133,77,157,145,188,180,190,192,190,190,213,203,272,258,268,272,264,268,337,318,472,472,461,446,445,441,468,443,448,428,680,673,586,649,565,406,429,416,761,754,749,604,683,683,683,645,1001,985,950,940,883,881,996,1006,29973,29974,29975,29975,29973,29975,29980,29981,29980,29980]} 1. e4 Nc6 2. Nf3 d6 3. d4 Nf6 4. c3 Bg4 5. Nbd2 {[%cal Bb1d2,Bd2f1,Bf1g3][%mdl 32]} e6 6. Bd3 {B00: Queen's Fianchetto Defence, Nimzowitsch Defence} (6. Bb5 a6 7. Ba4 Be7 8. O-O O-O 9. Re1 b5 10. Bc2 e5 11. h3 Bh5 12. d5 Nb8 13. a4 Nbd7 {1-0 (42) Arencibia Rodriguez,W (2526)-Ravelo Gil,E (2397) Guarenas 2012}) 6... Be7 7. Nf1 Bh5 8. Ng3 {White is slightly better.} Bg6 9. h4 $146 {[#] Threatens to win with h5.} ({Predecessor:} 9. O-O d5 10. e5 Nd7 11. Re1 a5 12. a4 Na7 13. b3 {0-1 (38) Anderson,R (2228)-Ardaman,M (2342) Los Angeles 2000}) 9... Nh5 10. Nf5 d5 11. exd5 Qxd5 12. Nxe7 Nxe7 13. Be2 Nf6 14. Ne5 Nd7 15. Nxd7 Qxd7 16. Bf3 {Black must now prevent h5.} e5 17. h5 Bf5 18. dxe5 Qb5 19. Bf4 (19. h6 $142) 19... Qc4 ({Black should play} 19... Qxb2 20. O-O O-O) 20. Bg3 $36 {[%mdl 2048] White is in control.} ({Weaker is} 20. Bxb7 Rb8 $15) 20... Be4 {[#]} 21. Rh4 $1 {[%cal Rh4e4]} Bxf3 22. Rxc4 Bxd1 23. Rxd1 Nc6 24. b4 a6 25. a4 {[%cal Ba2a4,Ba4b5][%mdl 32]} Rc8 26. b5 axb5 27. axb5 Nd8 28. f4 g6 (28... O-O {is a better defense.} 29. Rd7 c6) 29. Bh4 $18 Ne6 30. Bf6 O-O 31. g4 Rfe8 32. f5 Nf8 33. Kf2 h6 (33... g5 $142 34. h6 c6) 34. hxg6 fxg6 35. Rh1 h5 36. fxg6 Nxg6 37. Rxh5 c6 (37... Kf7 $142 38. Rd4 Rg8) 38. Rd4 Rc7 39. Rh6 Nf8 40. b6 Rh7 41. g5 c5 42. Rd5 Rxh6 43. gxh6 {[%mdl 4096] Endgame KRB-KRN} Kh7 44. Bg7 Ne6 45. Rd7 Nxg7 46. hxg7 {White mates.} Rxe5 47. Rxb7 Re6 48. c4 Re4 49. Rc7 Rxc4 50. b7 {Accuracy: White = 83%, Black = 42%.} 1-0

[Event "RUS-chT Premier 2019"]
[Site "Sochi"]
[Date "2019.05.09"]
[Round "8.15"]
[White "Lintchevski, Daniil"]
[Black "Rakhmanov, Aleksandr"]
[Result "1/2-1/2"]
[WhiteElo "2525"]
[BlackElo "2629"]
[Annotator "TA"]
[PlyCount "82"]
[EventDate "2019.05.01"]
[EventType "team-tourn"]
[EventCountry "RUS"]
[SourceTitle "playchess.com"]
[Source "ChessBase"]
[SourceQuality "1"]

{[%evp 17,82,24,24,24,23,23,26,23,19,17,29,15,34,25,30,5,11,6,9,9,6,17,8,0,0,4,5,0,1,5,3,1,2,7,4,7,4,0,0,0,1,1,1,1,1,1,2,2,8,2,8,8,8,1,1,1,8,8,8,8,8,8,8,8,8,8,9]} 1. e4 e5 2. Nf3 Nf6 3. Nxe5 d6 4. Nf3 Nxe4 5. d4 d5 6. Bd3 Bf5 7. O-O Be7 8. Re1 O-O 9. c4 Nc6 10. cxd5 {C42: Petroff Defence: 3 Nxe5 and unusual White 3rd moves} Qxd5 11. Nc3 Nxc3 12. bxc3 {White has an edge.} Rae8 $146 ({Predecessor:} 12... Bxd3 13. Qxd3 Rae8 {½-½ (42) Zhigalko,S (2616)-Kuzubov,Y (2660) Ankara 2018}) 13. Bf4 Bxd3 14. Qxd3 Bd6 15. c4 Qh5 16. Bxd6 cxd6 {The position is equal.} 17. Qa3 Qa5 18. Qxd6 {With the idea h3.} Rxe1+ 19. Rxe1 {h3 is the strong threat.} Rd8 {[#] Threatens to win with ...Qxe1+!} 20. Re2 Qa4 $1 {[%cal Ra4d1]} 21. Qc7 Rf8 22. h3 {Black must now prevent d5.} Qxc4 23. Rd2 {[#] Strongly threatening d5.} b5 $1 24. d5 Nd4 $1 {[%cal Rd4f3]} 25. d6 Qxc7 26. dxc7 $11 {[%mdl 4096] Endgame KRN-KRN} Ne6 27. Ng5 {Hoping for Nxe6.} Nxc7 28. Rd7 Ne6 29. Nxe6 fxe6 30. Rxa7 {KR-KR} Rc8 31. g4 Rc3 32. Kg2 b4 33. h4 b3 34. axb3 Rxb3 35. h5 h6 36. f3 Kf8 37. Kg3 Rb4 38. Rc7 Ra4 39. Kf2 Ra3 40. Rb7 Rc3 41. Kg3 Rc4 {Accuracy: White = 76%, Black = 92%.} 1/2-1/2

[Event "RUS-chT Premier 2019"]
[Site "Sochi"]
[Date "2019.05.09"]
[Round "8.16"]
[White "Kokarev, Dmitry"]
[Black "Levin, Evgeny A."]
[Result "1-0"]
[WhiteElo "2605"]
[BlackElo "2516"]
[Annotator "RC"]
[PlyCount "147"]
[EventDate "2019.05.01"]
[EventType "team-tourn"]
[EventCountry "RUS"]
[SourceTitle "playchess.com"]
[Source "ChessBase"]
[SourceQuality "1"]
[TimeControl "40/5400+30:1800+30"]

1. e4 {[%emt 0:00:00]} c5 {[%emt 0:00:00]} 2. Nf3 {[%emt 0:00:01]} d6 {[%emt 0:00:00]} 3. d4 {[%emt 0:00:17]} Nf6 {[%emt 0:00:09]} 4. Bb5+ {[%emt 0:00:42]} Bd7 {[%emt 0:00:44]} 5. Bxd7+ {[%emt 0:00:14]} Qxd7 {[%emt 0:00:11]} 6. dxc5 {[%emt 0:00:20]} Nxe4 {[%emt 0:00:39]} 7. cxd6 {[%emt 0:00:12]} Nxd6 {[%emt 0:01:14]} 8. Nc3 {[%emt 0:02:40]} Nc6 {[%emt 0:00:31]} 9. Qe2 {[%emt 0:00:59]} g6 {[%emt 0:06:00]} 10. Bf4 {[%emt 0:00:28]} Bg7 {[%emt 0:01:01]} 11. O-O-O {[%emt 0:00:30]} O-O {[%emt 0:01:10]} 12. Nd5 {[%emt 0:03:27]} Rfe8 {[%emt 0:02:32]} 13. Ne5 {[%emt 0:12:54]} Qd8 {[%emt 0:11:17]} 14. Rhe1 {[%emt 0:08:42]} Qa5 {[%emt 0:04:06]} 15. Kb1 {[%emt 0:09:16]} e6 {[%emt 0:07:56]} 16. Nc3 {[%emt 0:09:13]} Nxe5 {[%emt 0:07:06]} 17. Bxe5 {[%emt 0:02:21]} Bxe5 {[%emt 0:01:34]} 18. Qxe5 {[%emt 0:00:08]} Qxe5 {[%emt 0:00:09]} 19. Rxe5 {[%emt 0:00:04]} Red8 {[%emt 0:00:52]} 20. a4 {[%emt 0:00:55]} Nf5 {[%emt 0:08:27]} 21. Rc5 {[%emt 0:11:22]} Rxd1+ {[%emt 0:03:54]} 22. Nxd1 {[%emt 0:00:07]} Rd8 {[%emt 0:10:07]} 23. Kc1 {[%emt 0:00:16]} Rd7 {[%emt 0:05:48]} 24. b4 {[%emt 0:02:21]} Kf8 {[%emt 0:03:43]} 25. Nb2 {[%emt 0:05:40]} Ne7 {[%emt 0:08:11]} 26. a5 {[%emt 0:03:02]} Nd5 {[%emt 0:08:43]} 27. Nd3 {[%emt 0:01:35]} Rc7 {[%emt 0:05:42]} 28. Rxc7 {[%emt 0:01:44]} Nxc7 {[%emt 0:00:02]} 29. Kd2 {[%emt 0:01:10]} Ke7 {[%emt 0:00:29]} 30. c4 {[%emt 0:01:32]} Kd6 {[%emt 0:00:25]} 31. f4 {[%emt 0:01:07]} b6 {[%emt 0:01:24]} 32. axb6 {[%emt 0:00:35]} axb6 {[%emt 0:00:02]} 33. Kc3 {[%emt 0:03:00]} f6 {[%emt 0:01:47]} 34. Kd4 {[%emt 0:00:57]} Na6 {[%emt 0:00:07]} 35. g4 {[%emt 0:03:50]} Nb8 {[%emt 0:00:32]} 36. c5+ {[%emt 0:02:15]} bxc5+ {[%emt 0:00:04]} 37. bxc5+ {[%emt 0:00:16]} Kc7 {[%emt 0:00:41]} 38. Kc4 {[%emt 0:03:28]} Nc6 {[%emt 0:00:17]} 39. g5 {[%emt 0:01:26]} fxg5 {[%emt 0:00:49]} 40. fxg5 {[%emt 0:00:00]} Na5+ {[%emt 0:00:00]} 41. Kd4 {[%emt 0:03:49]} Nc6+ {[%emt 0:01:57]} 42. Ke4 {[%emt 0:00:11]} Kd8 {[%emt 0:02:20]} 43. Ne5 {[%emt 0:02:24]} Nb4 {[%emt 0:01:03]} 44. Kd4 {[%emt 0:01:46]} Nc2+ {[%emt 0:00:36]} 45. Ke4 {[%emt 0:04:10]} Nb4 {[%emt 0:00:20]} 46. Ng4 {[%emt 0:00:23]} Ke7 {[%emt 0:01:14]} 47. Kd4 {[%emt 0:01:01]} Nc2+ {[%emt 0:06:01]} 48. Kc4 {[%emt 0:04:10]} Kd7 {[%emt 0:00:29]} 49. Nf6+ {[%emt 0:01:54]} Kc6 {[%emt 0:01:34]} 50. Nxh7 {[%emt 0:00:12]} Ne3+ {[%emt 0:06:15]} 51. Kd4 {[%emt 0:01:00]} Nf1 {[%emt 0:02:56]} 52. h3 {[%emt 0:06:00]} Nd2 {[%emt 0:00:20]} 53. Ke3 {[%emt 0:02:21]} Nc4+ {[%emt 0:00:30]} 54. Kf4 {[%emt 0:00:28]} e5+ {[%emt 0:06:36]} 55. Ke4 {[%emt 0:04:19]} Kxc5 {[%emt 0:00:07]} 56. Nf8 {[%emt 0:00:06]} Kd6 {[%emt 0:00:36]} 57. Nxg6 {[%emt 0:01:45]} Ke6 {[%emt 0:00:05]} 58. Nh4 {[%emt 0:00:31]} Nd6+ {[%emt 0:02:14]} 59. Kf3 {[%emt 0:00:09]} Nf7 {[%emt 0:00:36]} 60. Kg4 {[%emt 0:00:14]} e4 {[%emt 0:00:34]} 61. Kf4 {[%emt 0:03:22]} Nd6 {[%emt 0:02:45]} 62. Ng2 {[%emt 0:00:42]} Kf7 {[%emt 0:00:17]} 63. h4 {[%emt 0:01:12]} Kg6 {[%emt 0:00:35]} 64. Kg4 {[%emt 0:00:07]} Nc4 {[%emt 0:02:05]} 65. h5+ {[%emt 0:00:24]} Kf7 {[%emt 0:00:13]} 66. Kf4 {[%emt 0:00:45]} Nd6 {[%emt 0:00:34]} 67. Ke5 {[%emt 0:01:22]} Ne8 {[%emt 0:00:03]} 68. Kxe4 {[%emt 0:00:32]} Ng7 {[%emt 0:00:16]} 69. Nf4 {[%emt 0:00:22]} Ne8 {[%emt 0:01:13]} 70. Ke5 {[%emt 0:00:43]} Kg7 {[%emt 0:00:07]} 71. h6+ {[%emt 0:00:51]} Kh7 {[%emt 0:00:12]} 72. Nd5 {[%emt 0:01:21]} Kg6 {[%emt 0:00:19]} 73. Ke6 {[%emt 0:00:42]} Kxg5 {[%emt 0:00:52]} 74. h7 {[%emt 0:00:08]} 1-0

[Event "RUS-chT Premier 2019"]
[Site "Sochi"]
[Date "2019.05.09"]
[Round "8.17"]
[White "Ionov, Sergey"]
[Black "Rozum, Ivan"]
[Result "0-1"]
[WhiteElo "2530"]
[BlackElo "2568"]
[Annotator "ChessBase"]
[PlyCount "58"]
[EventDate "2019.05.01"]
[EventType "team-tourn"]
[EventCountry "RUS"]
[SourceTitle "playchess.com"]
[Source "ChessBase"]
[SourceQuality "1"]
[TimeControl "40/5400+30:1800+30"]

1. d4 {[%emt 0:00:01]} Nf6 {[%emt 0:00:00]} 2. c4 {[%emt 0:01:34]} e6 {[%emt 0:00:00]} 3. Nf3 {[%emt 0:01:35]} Bb4+ {[%emt 0:00:06]} 4. Bd2 {[%emt 0:01:15]} Bxd2+ {[%emt 0:02:29]} 5. Qxd2 {[%emt 0:04:53]} O-O {[%emt 0:03:50]} 6. g3 {[%emt 0:04:43]} d5 {[%emt 0:01:55]} 7. Bg2 {[%emt 0:00:42]} c6 {[%emt 0:00:10]} 8. O-O {[%emt 0:01:19]} Nbd7 {[%emt 0:00:05]} 9. Na3 {[%emt 0:15:38]} b6 {[%emt 0:02:32]} 10. Ne5 {[%emt 0:06:02]} Bb7 {[%emt 0:04:18]} 11. Rac1 {[%emt 0:04:45]} Rc8 {[%emt 0:07:32]} 12. cxd5 {[%emt 0:04:46]} exd5 {[%emt 0:02:02]} 13. Bh3 {[%emt 0:06:01]} Qe7 {[%emt 0:04:16]} 14. Qe3 {[%emt 0:07:45]} Rce8 {[%emt 0:15:27]} 15. Nxc6 {[%emt 0:12:20]} Qd6 {[%emt 0:14:22]} 16. Nb5 {[%emt 0:13:05]} Qxc6 {[%emt 0:00:15]} 17. Qb3 {[%emt 0:01:57]} Nc5 {[%emt 0:01:01]} 18. dxc5 {[%emt 0:00:06]} bxc5 {[%emt 0:03:41]} 19. Nxa7 {[%emt 0:02:56]} Qa6 {[%emt 0:00:12]} 20. Nb5 {[%emt 0:01:26]} Rxe2 {[%emt 0:09:07]} 21. Rxc5 {[%emt 0:04:05]} Ne4 {[%emt 0:00:17]} 22. Rcc1 {[%emt 0:00:23]} Qh6 {[%emt 0:03:48]} 23. Nd4 {[%emt 0:02:28]} Rxf2 {[%emt 0:00:53]} 24. Bg2 {[%emt 0:01:37]} Qd2 {[%emt 0:04:01]} 25. Bxe4 {[%emt 0:00:34]} Rxf1+ {[%emt 0:00:12]} 26. Rxf1 {[%emt 0:00:02]} Qxd4+ {[%emt 0:00:05]} 27. Rf2 {[%emt 0:00:01]} dxe4 {[%emt 0:00:26]} 28. Qxb7 {[%emt 0:00:05]} e3 {[%emt 0:00:14]} 29. Rf4 {[%emt 0:00:08]} Qd1+ {[%emt 0:00:41]} 0-1